000 00303nam a2200133Ia 4500
008 231129s1974||||xx |||||||||||||| ||spa||
040 _bspa
082 _aCu863 M378p
100 _aMartí­ José
245 0 _aPáginas escogidas
260 _c1974
264 _aCiencias Sociales
942 _2ddc
_cBKS
999 _c22298
_d22298